000 00993cam a2200193 4500
001 WB3910-20
008 030312n2003 000 0 eng u
035 _a(Sirsi) u121611
245 _aNo milk no quota
260 _c2003
490 _aFarmers' Weekly
_v138(9) 28 February 2003, 21(1)
520 _aFarmers who have stopped milking cows will be banned from holding quota and leasing it out following DEFRA's interpretation of the European Court of Justice's decision in favour of a German dairy farmer's leasing of quota from another farmer who died. Producers not producing against their quota in the 2003/04 milk year have until 31 March 2004 to sell their quota or resume production. If they do neither, their quota will be confiscated into a national reserve. Non-producing quota holders own about 10% of the UK's quota.
590 _aWB
650 _aMILK QUOTAS
650 _aCONFISCATION
650 _aQUOTA LEASING
690 _aRURAL-FARM BUSINESS MANAGEMENT
942 _n0
999 _c72295
_d72295